000 01217nam0a2200289 i 4500
001 RU\NLR\BIBL_A\010416034
005 20241104164517.0
010 _a9785899817086
_93000
021 _aRU
_b2014-36598
_92234
021 _aRU
_b2015-45433
_92704
035 _a(NLR Aleph) 010416034
090 _a9789718
_c9789718
100 _a20140715d2014 u y0rusy50 ca
101 0 _arus
102 _aRU
105 _aacb|j|||000yy
200 1 _aГеографическое краеведение Воронежской области
_e6 класс
_eучебно-методическое пособие
_fНемыкин А.Я.
210 _aВоронеж
_c[б. и.]
_d2014
215 _a96 с.
_cил., портр., карт., цв. ил.
_d21
320 _aДр. произведения авт. на 95-й с.
607 _aВоронежская область
_jУчебно-методические пособия для средней школы
_xГеография
_91364134
_3RU\NLR\AUTH\66256752
686 1 _aД890(2Р345-4Вр)я72
700 1 _aНемыкин
_bА. Я.
_gАлександр Яковлевич
942 _cBOOK
980 _aNBR